02266 2200241 4500001002100000005001500021035002000036008004100056245008500097100001800182260004500200300002300245020001800268084001800286520162300304082001201927650002301939651001801962990001101980990001101991990001102002990001102013INLIS00000000000457620211222113549 a0010-0621004176211222 g 0 ind 1 aDari Pemberontakan Ke Integrasi :bSumatra Barat Dan Politik Indonesia 1926-19981 aKahin, Audrey aJakarta :bYayasan Obor Indonesia,c2005 a474 hlm. ;c24 cm. a979-461-517-x a900.813 KAH d aDi masa perjuangan melawan penjajahan dan di awal kemerdekaan, Sumatra Barat dalam beberapa halberbeda dari masyarakat lain di luar Pulau Jawa. Orang-orang Sumatra Barat memainkan peran yang menentukan dalam perpolitikan Indonesia, kedudukan mereka dalam pemerintahan Republik Indonesia hanya kalah dari para pemimpin yang berasal dari Jawa. Sampai batas tertentu, kedua suku bangsa ini, Jawa dan Minangkabau, mewakili dua konsep yang bertolak belakang dalam pemerintahan negara, yang telah bersaing untuk menjadi dominan dalam sistim pemerintahan Indonesia pasca-kemerdekaan. Sejauh ini konsep kesatuan hierarkis Jawalah yang selalu menang meskipun orang-orang Mnfugkabau, dengan konsep pemerintahan yang lebih egaliter dan desentralistik, mampu mengimbanginya dan sekaligus menciptakan ketegangan dinamis yang masih terlihat hingga kini. Tema utama buku ini adalah perbedaan antara persepsi Minangkabau dan Jawa mengenai bentuk dan sistem pemerintahan Indonesia pasca-kemerdekaan yang akan menggantikan bentuk dan sistem pemerintahan kopnial Hindia Belanda. Buku ini berisi studi tentang sejarah politik Sumatra Barat sejak periode akhir penjajahan sampai masa kini, dengan fokus pada proses dan kadar kesungguhan orang Minangkabau berintegrasi ke dalam negara Indonesia kontemporer. Dipaparkan perspektif lokal tentang pertumbuhan dan perkembangan gerakan nasionalis di Indonesia perjuangan kemerdekaan, trauma yang dialami rakyat Minangkabau dalam beradaptasi dengan pemerintahan Indonesia yang berlandaskan pada konsep yang sangat berbeda dari konsep-konsep yang menjiwai perjuangan anti-penjajahan di daerah itu. a900.813 4aSejarah Perjuangan 4aSumatra Barat a027329 a027330 a027332 a027333